Central Library OPAC University of Rajshahi

১৯৪৩ সালের বাংলার দুর্ভিক্ষ : (Record no. 77807)

MARC details
000 -LEADER
fixed length control field 02119nam a2200289 a 4500
001 - CONTROL NUMBER
control field 77807
003 - CONTROL NUMBER IDENTIFIER
rucl marc code BD-RjUL
005 - DATE AND TIME OF LATEST TRANSACTION
control field 20211209083029.0
008 - FIXED-LENGTH DATA ELEMENTS--GENERAL INFORMATION
fixed length control field 210119s1998 bg a|||| m||| 00| 0 ben d
035 ## - SYSTEM CONTROL NUMBER
System control number (BD-RjUL)78033
040 ## - CATALOGING SOURCE
Original cataloging agency BD-RjUL
Language of cataloging ben /eng
Transcribing agency BD-RjUL
Modifying agency BD-RjUL
082 ## - DEWEY DECIMAL CLASSIFICATION NUMBER
Classification number 363.8095414
Author mark and year SHB 1998
Edition number 23
100 ## - MAIN ENTRY--PERSONAL NAME
Personal name শাহ্, আবু মো. ইকবাল রুমী
9 (RLIN) 243694
245 10 - TITLE STATEMENT
Title ১৯৪৩ সালের বাংলার দুর্ভিক্ষ :
Remainder of title রংপুর জেলার একটি সমীক্ষা /
Statement of responsibility, etc. আবু মো. ইকবাল রুমী শাহ্ ;
Linkage গবেষণা তত্ত্বাবধায়ক ; নূরুল হোসেন চৌধুরী ; সহ -গবেষণা তত্ত্বাবধায়ক : মো. মাহবুবর রহমান
260 ## - PUBLICATION, DISTRIBUTION, ETC. (IMPRINT)
Place of publication, distribution, etc. রাজশাহী :
Name of publisher, distributor, etc. ইতিহাস বিভাগ, রাজশাহী বিশ্ববিদ্যালয়,
Date of publication, distribution, etc. ১৯৯৮
300 ## - PHYSICAL DESCRIPTION
Pagination xvii, ৩৭৫ পাতা :
Illustrations চিএ ;
Size ২৯ সেমি.
502 ## - DISSERTATION NOTE
Dissertation note থিসিস (পিএইচ. ডি.) -- ইতিহাস বিভাগ, রাজশাহী বিশ্ববিদ্যালয়, ১৯৯৮
504 ## - BIBLIOGRAPHY, ETC. NOTE
Bibliography, etc গ্রন্থপঞ্জি : পাতা [৩৫৫] - ৩৭৫
600 ## - SUBJECT ADDED ENTRY--PERSONAL NAME
Dates associated with a name
Chronological subdivision
650 ## - SUBJECT ADDED ENTRY--TOPICAL TERM
Topical term or geographic name as entry element দুর্ভিক্ষ
Geographic subdivision ভারত
-- বঙ্গ
-- রংপুর জেলা
General subdivision ইতিহাস
Chronological subdivision বিশ শতক
9 (RLIN) 243766
Topical term or geographic name as entry element Famines
Geographic subdivision India
-- Bengal
-- Rangpur district
General subdivision History
Chronological subdivision 20th century.
9 (RLIN) 243767
651 ## - SUBJECT ADDED ENTRY--GEOGRAPHIC NAME
Geographic name ভারত
General subdivision রাজনীতি এবং সরকার
Chronological subdivision ১৯১৯-১৯৪৭
9 (RLIN) 243768
Geographic name India
General subdivision Politics and government
Chronological subdivision 1919-1947
9 (RLIN) 243769
700 ## - ADDED ENTRY--PERSONAL NAME
Personal name চৌধুরী, নূরুল হোসেন, গবেষণা তত্ত্বাবধায়ক
Personal name রহমান, মো. মাহবুবর, সহ -গবেষণা তত্ত্বাবধায়ক
942 ## - ADDED ENTRY ELEMENTS (KOHA)
Source of classification or shelving scheme Dewey Decimal Classification
Koha item type Theses
Holdings
Lost status Source of classification or shelving scheme Damaged status Not for loan Collection code Permanent Location Current Location Shelving location Date acquired Source of acquisition Total Checkouts Full call number Date last seen Copy number Koha item type
  Dewey Decimal Classification   Not For Loan Theses Central Library, University of Rajshahi Central Library, University of Rajshahi Documentation Section 09/12/2021 Controller of Exam., R.U.   BTHE 363.8095414 SHB 1998 19/01/2021 C-1 Theses